Pocket guide to South Africa 2013/14.
| Format: | Book |
|---|---|
| Published: |
Pretoria, South Africa:
Government Communications (GCIS),
2014.
|
| Edition: | Eleventh edition. |
| Subjects: |
| LEADER | 00445cam a2200145 7i4500 | ||
|---|---|---|---|
| 001 | 0000032441 | ||
| 005 | 20150515090000.0 | ||
| 090 | 0 | 0 | |a S.AF 910.202 |b POC |
| 245 | 0 | 0 | |a Pocket guide to South Africa 2013/14. |
| 250 | 0 | 0 | |a Eleventh edition. |
| 260 | 0 | 0 | |a Pretoria, South Africa: |b Government Communications (GCIS), |c 2014. |
| 300 | # | # | |a 230 pages. |
| 651 | 0 | 0 | |a South Africa |
| 651 | 0 | 0 | |a South Africa |
| 999 | |a 0000036081 |b Book |c Countries |e Business Information Centre | ||